000 00581nam a2200181Ia 4500
008 090124s9999 xx 000 0 und d
082 _b15787
_a3726
100 _aगांगल वसंत
245 _a देवदत्ताच्या राज्यात
250 _a1
260 _c1966
300 _a100
600 _aगांगल वसंत
630 _a देवदत्ताच्या राज्यात
700 _aगांगल वसंत
730 _a देवदत्ताच्या राज्यात
942 _cBOOK
999 _c129727
_d129727